| 000 | 00714nam a22001577a 4500 | ||
|---|---|---|---|
| 003 | OSt | ||
| 005 | 20150927165036.0 | ||
| 008 | 150927b xxu||||| |||| 00| 0 eng d | ||
| 040 | _cRUA | ||
| 082 | _aAGR CHE 1999 B008 Or.1 | ||
| 100 |
_91459 _aCHEU, PHAN. |
||
| 245 | _astudy on the effect of the rubber stimulants on the rubber trees at chup rubber plantation company, សិក្សាអំពីប្រសិទ្ធភាពនៃការប្រើប្រាស់ថ្នាំរំំញោច លើកៅស៊ូអាជីកម្ម ក្រុមហ៊ុនចំការកៅស៊ូជុប | ||
| 260 |
_aPhnom Penh _bRUA _c1999 |
||
| 300 |
_a128p. _bill. _c29cm. |
||
| 942 |
_2ddc _cAGR |
||
| 999 |
_c1372 _d1372 |
||